00472 a2200133 4500001001000000005001700010008004100027245012400068100002300192700001900215700002500234700002400259773005500283ART_3781620260410161701.0260409a 10aLos problemas de equidad entre acreedores, y entre deudores y acreedores, en la reestructuración de la deuda soberana1 aGuzmán, Martín1 aBrooks, Skylar1 aLombardi, Doménico1 aStiglitz, Joseph E.0 tEnsayos Económicosg- Nº 73 (dic. 2015)wREV620